Přednášky z elektrochemie

Salvato in:
Dettagli Bibliografici
Autore principale: Pekař, Miloslav, 1962-
Natura: Libro
Lingua:ceco
Pubblicazione: Brno Vysoké učení technické v Brně, Fakulta chemická 2006
Edizione:1. vyd.
Soggetti:
Accesso online:Visualizza in OPAC
Tags: Aggiungi Tag
Nessun Tag, puoi essere il primo ad aggiungerne!!

MARC

LEADER 00000nam a2200000 a 4500
005 20260127134354.0
008 110112 2006 xr 000 0 cze d
020 |a 8021431873 
035 |a vtls010202857 
039 9 |a 201801191025  |b csnk01  |y 201101120759  |z mschk03 
040 |a STUSCHK1  |b slo  |c STUSCHK1  |e AACR2 
080 |a 544.6 
080 |a (075.8) 
100 1 |a Pekař, Miloslav,  |d 1962-  |9 920 
245 1 |a Přednášky z elektrochemie  |c Miloslav Pekař 
250 |a 1. vyd. 
260 |a Brno  |b Vysoké učení technické v Brně, Fakulta chemická  |c 2006 
300 |a 42 s.  |b il.  |c 30 cm 
650 0 |a elektrochemie 
650 0 |a učebnice vysokých škôl 
910 |a SCHK95 
919 |a 80-214-3187-3 
999 |c 11113  |d 11113